| 000 | 00341nam a22001337a 4500 | ||
|---|---|---|---|
| 020 | _a9788173194337 | ||
| 040 | _cNust | ||
| 082 |
_a621.8 _bRAM |
||
| 100 |
_aV. Ramamurti _9124947 |
||
| 245 | _aMechanics of Machines | ||
| 260 |
_aNew Delhi: _bNarosa Publishing House, _c2002. |
||
| 650 |
_aMechanics of Machines _961037 |
||
| 942 |
_2ddc _cBK |
||
| 999 |
_c610711 _d610711 |
||